[Event "Baltimore op 56th"]
[Site "Linthicum"]
[Date "2018.02.10"]
[Round "3"]
[White "Zimmer, Ralph"]
[Black "Heesters, Pieter S"]
[Result "1/2-1/2"]
[WhiteElo "2169"]
[BlackElo "1946"]
[PlyCount "138"]
[EventDate "2018.02.09"]
[EventType "swiss"]
[EventRounds "5"]
[EventCountry "USA"]
[SourceTitle "CBM 183 Extra"]
[Source "ChessBase"]
[SourceDate "2018.04.19"]
[SourceVersion "1"]
[SourceVersionDate "2018.04.19"]
[SourceQuality "1"]

1. c4 c5 2. g3 g6 3. Bg2 Bg7 4. Nc3 Nc6 5. d3 d6 6. e3 Be6 7. Nge2 Nf6 8. Nd5 Qd7 9. Nef4 Bg4 10. f3 Be6 11. Nxe6 fxe6 12. Bh3 0-0 13. Nf4 Nd8 14. d4 g5 15. Nd5 Nxd5 16. cxd5 cxd4 17. 0-0 Qb5 18. dxe6 Qd5 19. exd4 Nxe6 20. Bxe6+ Qxe6 21. Bxg5 h6 22. Bf4 Rf5 23. Re1 Qf7 24. Qd2 Kh7 25. Qd3 e6 26. g4 Qg6 27. Rxe6 Qxe6 28. gxf5 Qf6 29. Rd1 Kh8 30. Qe3 Rf8 31. Kh1 Qxf5 32. Bxd6 Qxf3+ 33. Qxf3 Rxf3 34. Kg2 Rf5 35. Bg3 Rd5 36. Bf2 Kg8 37. Kf3 Rf5+ 38. Ke3 Kf7 39. Bg3 Ra5 40. a3 Rb5 41. Rd2 Ke6 42. Ke4 Rd5 43. Bf4 h5 44. Be3 Bf6 45. Rf2 Be7 46. Rg2 Rb5 47. Bf4 Bf6 48. Be3 a5 49. Rd2 Rd5 50. a4 b5 51. b3 Bg5 52. Rg2 Bxe3 53. Kxe3 bxa4 54. bxa4 Rf5 55. Ke4 Rf1 56. Rg6+ Kd7 57. Rg5 h4 58. Rxa5 Rh1 59. Rh5 Rxh2 60. a5 Ra2 61. Rh7+ Kd8 62. Rh5 h3 63. Rh8+ Kd7 64. Rxh3 Rxa5 65. d5 Ra1 66. Rh7+ Kd6 67. Rh6+ Kd7 68. Rh3 Kd6 69. Rh6+ Kd7 1/2-1/2

[Event "Baltimore op 54th"]
[Site "Linthicum"]
[Date "2016.01.30"]
[Round "2"]
[White "Zimmer, Ralph"]
[Black "Li, Ruifeng"]
[Result "0-1"]
[WhiteElo "2240"]
[BlackElo "2462"]
[PlyCount "66"]
[EventDate "2016.01.29"]
[EventType "swiss"]
[EventRounds "5"]
[EventCountry "USA"]
[SourceTitle "CBM 170 Extra"]
[Source "ChessBase"]
[SourceDate "2016.02.25"]
[SourceVersion "1"]
[SourceVersionDate "2016.02.25"]
[SourceQuality "1"]

1. d4 Nf6 2. Bg5 Ne4 3. Bf4 d5 4. f3 Nf6 5. e4 dxe4 6. Nc3 exf3 7. Nxf3 Bf5 8. Bc4 e6 9. Qe2 Bb4 10. Bd2 0-0 11. 0-0-0 c6 12. Ne5 b5 13. Bd3 Bxd3 14. Qxd3 Bxc3 15. Bxc3 Qd5 16. Kb1 a5 17. Rhf1 Nbd7 18. Nxd7 Nxd7 19. Qg3 f5 20. Bd2 Nf6 21. Qh4 Ne4 22. Bf4 b4 23. Rd3 Rf7 24. Rh3 g6 25. Rd3 a4 26. Ka1 Qc4 27. Rc1 b3 28. Qe1 a3 29. Rxb3 Rfa7 30. Rb1 axb2+ 31. R1xb2 Nc3 32. Rb8+ Rxb8 33. Rxb8+ Kf7 0-1

[Event "Eastern op 41st"]
[Site "Bethesda"]
[Date "2014.12.27"]
[Round "2"]
[White "Kaufman, Larry C"]
[Black "Zimmer, Ralph"]
[Result "1-0"]
[WhiteElo "2318"]
[BlackElo "2163"]
[PlyCount "49"]
[EventDate "2014.12.26"]
[EventType "swiss"]
[EventRounds "7"]
[EventCountry "USA"]
[SourceTitle "CBM 164 Extra"]
[Source "ChessBase"]
[SourceDate "2015.03.02"]
[SourceVersion "1"]
[SourceVersionDate "2015.03.02"]
[SourceQuality "1"]

1. d4 Nf6 2. c4 c5 3. d5 b5 4. cxb5 a6 5. bxa6 g6 6. Nc3 Bxa6 7. e4 Bxf1 8. Kxf1 d6 9. Nf3 Bg7 10. g3 Nbd7 11. Kg2 0-0 12. a4 Qb6 13. Qe2 Rfb8 14. Nb5 Ne8 15. Bg5 Kf8 16. Nd2 Nc7 17. Nc4 Qb7 18. Bxe7+ Kxe7 19. Nbxd6 Qa6 20. e5 Bxe5 21. Nb5 Rxb5 22. axb5 Qxa1 23. Rxa1 Rxa1 24. d6+ Kf6 25. Nxe5 1-0

[Event "USA tt"]
[Site "ICC INT"]
[Date "2014.10.07"]
[Round "7"]
[White "Noble, Matthew"]
[Black "Zimmer, Ralph"]
[Result "1-0"]
[WhiteElo "2260"]
[BlackElo "2172"]
[PlyCount "93"]
[EventDate "2014.08.26"]
[EventType "team-tourn"]
[EventRounds "10"]
[EventCountry "USA"]
[SourceTitle "CBM 162 Extra"]
[Source "ChessBase"]
[SourceDate "2014.10.17"]
[SourceVersion "1"]
[SourceVersionDate "2014.10.17"]
[SourceQuality "1"]
[WhiteTeam "Arizona"]
[BlackTeam "Baltimore"]
[WhiteTeamCountry "USA"]
[BlackTeamCountry "USA"]

1. e4 c5 2. Nf3 e6 3. d4 cxd4 4. Nxd4 Nf6 5. Nc3 Nc6 6. Ndb5 d6 7. Bf4 e5 8. Bg5 a6 9. Na3 b5 10. Nd5 Be7 11. Bxf6 Bxf6 12. c4 b4 13. Nc2 Rb8 14. Qd3 0-0 15. Be2 Bg5 16. 0-0 f5 17. Bf3 Kh8 18. b3 a5 19. Rfd1 g6 20. Nde3 f4 21. Nd5 Be6 22. Qe2 Ne7 23. Nxe7 Qxe7 24. Bg4 Bf7 25. Rd3 Qc7 26. Ne1 Be7 27. Qb2 h5 28. Bd1 Kg7 29. g3 Be6 30. Ng2 Kh7 31. gxf4 exf4 32. Qd2 Qb6 33. Nxf4 Bg8 34. Qe3 Qxe3 35. fxe3 Rbe8 36. Bc2 Bf6 37. Rf1 Be5 38. Rdd1 Kh6 39. Nd5 g5 40. Nc7 Rc8 41. Nb5 Rfd8 42. Nd4 g4 43. Nf5+ Kg5 44. Ne7 Rc7 45. Rf5+ Kh6 46. Rxe5 Bh7 47. Nf5+ 1-0

[Event "US Open-115"]
[Site "Orlando"]
[Date "2014.08.03"]
[Round "9"]
[White "Zimmer, Ralph"]
[Black "Gurevich, Dmitry"]
[Result "0-1"]
[WhiteElo "2172"]
[BlackElo "2479"]
[PlyCount "74"]
[EventDate "2014.07.26"]
[EventType "swiss"]
[EventRounds "9"]
[EventCountry "USA"]
[SourceTitle "CBM 161 Extra"]
[Source "ChessBase"]
[SourceDate "2014.08.29"]
[SourceVersion "1"]
[SourceVersionDate "2014.08.29"]
[SourceQuality "1"]

1. d4 Nf6 2. Bg5 e6 3. Nf3 c5 4. e3 cxd4 5. exd4 b6 6. Nbd2 Bb7 7. Bd3 Be7 8. c3 d6 9. Qe2 Nbd7 10. Bh4 a6 11. Bg3 Nh5 12. 0-0-0 Ndf6 13. Ne4 Nd5 14. Qd2 h6 15. c4 Ndf6 16. Nc3 Nxg3 17. hxg3 Qc7 18. Kb1 0-0-0 19. Qe2 Kb8 20. Rc1 Ka7 21. Ka1 Rc8 22. Rhe1 Rhe8 23. b4 g6 24. Nd2 Nd7 25. Nb3 Bf6 26. Kb1 Bg7 27. Qb2 f5 28. Qa3 Kb8 29. f3 Bf8 30. Qb2 e5 31. d5 Bg7 32. Qf2 e4 33. fxe4 Ne5 34. Bf1 Nxc4 35. Nd4 fxe4 36. Ndb5 axb5 37. Nxb5 e3 0-1

[Event "US Open-115"]
[Site "Orlando"]
[Date "2014.08.01"]
[Round "7"]
[White "Zimmer, Ralph"]
[Black "Regam, Jessica"]
[Result "1-0"]
[WhiteElo "2172"]
[BlackElo "2031"]
[PlyCount "85"]
[EventDate "2014.07.26"]
[EventType "swiss"]
[EventRounds "9"]
[EventCountry "USA"]
[SourceTitle "CBM 161 Extra"]
[Source "ChessBase"]
[SourceDate "2014.08.29"]
[SourceVersion "1"]
[SourceVersionDate "2014.08.29"]
[SourceQuality "1"]

1. d4 Nf6 2. Bg5 g6 3. Bxf6 exf6 4. e3 Bg7 5. Ne2 d6 6. Nf4 f5 7. c3 Nd7 8. h4 h6 9. Qb3 Nf6 10. Bc4 Qe7 11. Nd2 c6 12. a4 Ne4 13. Qc2 d5 14. Bd3 0-0 15. g3 a5 16. Kf1 b6 17. Kg2 Ba6 18. Bxa6 Rxa6 19. Rae1 Qd6 20. Nf3 Nf6 21. h5 g5 22. Nd3 Nd7 23. b4 Rfa8 24. Rc1 Qe6 25. Nd2 Nb8 26. b5 cxb5 27. axb5 R6a7 28. c4 dxc4 29. Qxc4 Nd7 30. Qxe6 fxe6 31. Rc6 Kf7 32. Rhc1 Ke7 33. Nc4 Rb7 34. Ndb2 a4 35. Ra1 a3 36. Rxa3 Rxa3 37. Nxa3 Ra7 38. Nac4 Ra2 39. Nd3 Ra1 40. Nxb6 Nxb6 41. Rxb6 Rb1 42. Rb7+ Kf6 43. Ne5 1-0

[Event "W-ch Disabled"]
[Site "Dresden"]
[Date "2013.10.22"]
[Round "1"]
[White "Zimmer, Ralph"]
[Black "Petrov, Alexey"]
[Result "1-0"]
[WhiteElo "2142"]
[BlackElo "2039"]
[PlyCount "93"]
[EventDate "2013.10.22"]
[EventType "swiss"]
[EventRounds "7"]
[EventCountry "GER"]
[SourceTitle "CBM 157 Extra"]
[Source "ChessBase"]
[SourceDate "2013.12.19"]
[SourceVersion "1"]
[SourceVersionDate "2013.12.19"]
[SourceQuality "1"]

1. e4 c5 2. Nf3 d6 3. c4 Nc6 4. d4 cxd4 5. Nxd4 Nf6 6. Nc3 g6 7. Be2 Bg7 8. Be3 0-0 9. f3 Bd7 10. Qd2 a6 11. 0-0 Ne5 12. Rac1 Rc8 13. Nd5 Nxd5 14. cxd5 Rxc1 15. Rxc1 Qb8 16. h3 f6 17. f4 Nf7 18. b4 Rc8 19. Ne6 Bxe6 20. dxe6 Nd8 21. f5 Rxc1+ 22. Qxc1 Nc6 23. b5 axb5 24. Bxb5 Ne5 25. a4 gxf5 26. exf5 Bf8 27. Bd7 b6 28. Qc8 Qxc8 29. Bxc8 Nc4 30. Bf2 Bh6 31. Ba6 Ne3 32. g4 d5 33. Bg3 Nc4 34. Kf2 Be3+ 35. Ke2 Bc5 36. Bxc4 dxc4 37. Kd2 Bb4+ 38. Kc2 Kf8 39. Bf4 Ke8 40. Bd2 Bc5 41. Kc3 Kd8 42. Kxc4 Kc7 43. h4 Bf2 44. g5 fxg5 45. hxg5 Kd6 46. Bf4+ Kc6 47. g6 1-0

[Event "USA tt playoff"]
[Site "ICC INT"]
[Date "2012.11.12"]
[Round "1"]
[White "Zimmer, Ralph"]
[Black "Costigan, Richard"]
[Result "0-1"]
[WhiteElo "2193"]
[BlackElo "2301"]
[PlyCount "76"]
[EventDate "2012.11.12"]
[EventType "team-k.o."]
[EventRounds "3"]
[EventCountry "USA"]
[SourceTitle "CBM 151 Extra"]
[Source "ChessBase"]
[SourceDate "2012.12.18"]
[SourceVersion "1"]
[SourceVersionDate "2012.12.18"]
[SourceQuality "1"]
[WhiteTeam "Baltimore"]
[BlackTeam "Philadelphia"]
[WhiteTeamCountry "USA"]
[BlackTeamCountry "USA"]

1. d4 d5 2. c4 c6 3. Nf3 Nf6 4. e3 g6 5. Nc3 Bg7 6. Be2 0-0 7. 0-0 dxc4 8. Bxc4 c5 9. d5 Bg4 10. e4 Ne8 11. Re1 Nd7 12. Be2 a6 13. a4 Nd6 14. Qc2 Bxf3 15. Bxf3 b5 16. Bf4 Ne5 17. Be2 Qd7 18. Bg3 b4 19. f4 Nec4 20. Nd1 Bd4+ 21. Bf2 Na5 22. Bf3 Rac8 23. Qd3 c4 24. Qc2 Nb3 25. Ra2 Qa7 26. e5 Nf5 27. Bg4 Nc5 28. Qxc4 Ne4 29. Qe2 Nxf2 30. Nxf2 b3 31. Bxf5 gxf5 32. Raa1 Rc2 33. Qh5 Bxf2+ 34. Kh1 Bxe1 35. Qg5+ Kh8 36. Rxe1 Qe3 37. Rd1 Rc1 38. Qh5 Qd2 0-1

[Event "USA tt"]
[Site "ICC INT"]
[Date "2012.11.07"]
[Round "10"]
[White "Krasik, Ilya"]
[Black "Zimmer, Ralph"]
[Result "0-1"]
[WhiteElo "2187"]
[BlackElo "2193"]
[PlyCount "86"]
[EventDate "2012.09.04"]
[EventType "team-tourn"]
[EventRounds "10"]
[EventCountry "USA"]
[SourceTitle "EXT 2013"]
[Source "ChessBase"]
[SourceDate "2012.11.22"]
[SourceVersion "1"]
[SourceVersionDate "2012.11.22"]
[SourceQuality "1"]
[WhiteTeam "Boston"]
[BlackTeam "Baltimore"]
[WhiteTeamCountry "USA"]
[BlackTeamCountry "USA"]

1. d4 Nf6 2. c4 c5 3. e3 e6 4. Nf3 cxd4 5. exd4 d5 6. Nc3 Nc6 7. Bd3 dxc4 8. Bxc4 Be7 9. 0-0 0-0 10. Bg5 b6 11. Re1 Bb7 12. a3 Rc8 13. Ba2 Nd5 14. Bd2 Nxc3 15. Bxc3 Bf6 16. Ne5 Ne7 17. Qa4 Rc7 18. Qxa7 Bxg2 19. Qxb6 Ba8 20. Ba5 Nd5 21. Qb3 Bh4 22. Nf3 Be7 23. Rac1 Bd6 24. Bxc7 Bxc7 25. Bb1 Bf4 26. Rc5 Qf6 27. Qd3 Qh6 28. Ra5 Bc6 29. Rc5 Ba8 30. Ra5 g5 31. Qf1 Nf6 32. Rxa8 Rxa8 33. Qg2 Rd8 34. Re4 Nxe4 35. Bxe4 f5 36. Bc6 Kf7 37. d5 g4 38. Nd4 exd5 39. Bxd5+ Kf6 40. Ne2 Bxh2+ 41. Kf1 Be5 42. b4 Qd2 43. Bb3 Qd1+ 0-1

[Event "USA tt"]
[Site "ICC INT"]
[Date "2012.10.18"]
[Round "7"]
[White "Katz, Alexander R"]
[Black "Zimmer, Ralph"]
[Result "1-0"]
[WhiteElo "2217"]
[BlackElo "2193"]
[PlyCount "57"]
[EventDate "2012.09.04"]
[EventType "team-tourn"]
[EventRounds "10"]
[EventCountry "USA"]
[SourceTitle "EXT 2013"]
[Source "ChessBase"]
[SourceDate "2012.11.22"]
[SourceVersion "1"]
[SourceVersionDate "2012.11.22"]
[SourceQuality "1"]
[WhiteTeam "New York"]
[BlackTeam "Baltimore"]
[WhiteTeamCountry "USA"]
[BlackTeamCountry "USA"]

1. e4 d5 2. exd5 Qxd5 3. Nc3 Qa5 4. d4 Nf6 5. Bc4 c6 6. Bd2 Qc7 7. Nf3 Bf5 8. Ne5 e6 9. Qe2 Nbd7 10. 0-0-0 Be7 11. f3 Nxe5 12. dxe5 Nd7 13. g4 Bg6 14. f4 b5 15. Bb3 Nc5 16. Qf3 b4 17. f5 bxc3 18. Bxc3 Nxb3+ 19. cxb3 a5 20. h4 Rd8 21. Rxd8+ Bxd8 22. h5 exf5 23. hxg6 fxg6 24. gxf5 gxf5 25. Qxf5 g6 26. Qe6+ Be7 27. Kb1 Qd7 28. Qxd7+ Kxd7 29. e6+ 1-0

[Event "Washington op 1st"]
[Site "Rockville"]
[Date "2012.08.01"]
[Round "9"]
[White "Fink, Stanley"]
[Black "Zimmer, Ralph"]
[Result "1/2-1/2"]
[WhiteElo "2107"]
[BlackElo "2202"]
[PlyCount "49"]
[EventDate "2012.07.28"]
[EventType "swiss"]
[EventRounds "9"]
[EventCountry "USA"]
[SourceTitle "CBM 149 Extra"]
[Source "ChessBase"]
[SourceDate "2012.08.24"]
[SourceVersion "1"]
[SourceVersionDate "2012.08.24"]
[SourceQuality "1"]

1. d4 Nf6 2. c4 c5 3. d5 b5 4. cxb5 a6 5. b6 e6 6. dxe6 fxe6 7. Nf3 Qxb6 8. g3 d5 9. Bg2 Be7 10. 0-0 0-0 11. Nc3 Bb7 12. Na4 Qc6 13. Bg5 Nbd7 14. b4 h6 15. Bf4 Ne4 16. Nxc5 Ndxc5 17. Nd4 Qe8 18. bxc5 Bxc5 19. Be5 Qh5 20. f4 Qg6 21. Rc1 Rac8 22. Qb3 Ba8 23. Qd3 Rc6 24. e3 Rb6 25. Rxc5 1/2-1/2

[Event "USA-chT Amateur East"]
[Site "Parsipanny"]
[Date "2009.02.15"]
[Round "4"]
[White "Zimmer, Ralph"]
[Black "Leverett, Bruce W"]
[Result "1/2-1/2"]
[WhiteElo "2284"]
[BlackElo "2295"]
[PlyCount "104"]
[EventDate "2009.02.14"]
[EventType "team-tourn"]
[EventRounds "6"]
[EventCountry "USA"]
[SourceTitle "CBM 129 Extra"]
[Source "ChessBase"]
[SourceDate "2009.05.05"]
[SourceVersion "2"]
[SourceVersionDate "2009.05.20"]
[SourceQuality "1"]

1. d4 d5 2. Bg5 Nf6 3. e3 e6 4. Nd2 c5 5. c3 Nc6 6. f4 Qc7 7. Nh3 Nd7 8. Bd3 Nb6 9. 0-0 f6 10. Bh4 Qf7 11. Qe2 Bd7 12. a4 a5 13. dxc5 Bxc5 14. Nb3 Be7 15. Nd4 0-0 16. Qc2 g6 17. Rf3 Nc4 18. Rg3 Kh8 19. Rf1 Qg7 20. Nf2 e5 21. Nf5 Bxf5 22. Bxf5 Bc5 23. Nd1 exf4 24. Rxf4 Rae8 25. Bxg6 Nxe3 26. Nxe3 Rxe3 27. Kf1 Rxg3 28. Bxg3 Qxg6 29. Qd1 Bd6 30. Rg4 Qf5+ 31. Kg1 Bxg3 32. Rxg3 Qe4 33. h3 Rg8 34. Rxg8+ Kxg8 35. Qb3 Ne5 36. Qxb7 Nc4 37. Qb8+ Kg7 38. Qg3+ Kh6 39. b3 Qe3+ 40. Qf2 Qxf2+ 41. Kxf2 Nd2 42. b4 Kg5 43. Ke3 Nb3 44. bxa5 Nxa5 45. Kd4 Kf4 46. Kxd5 Kg3 47. Ke6 Kxg2 48. Kxf6 Kxh3 49. Kg5 Kg3 50. Kh6 Kf4 51. Kxh7 Ke4 52. Kg6 Kd3 1/2-1/2

[Event "USA tt"]
[Site "ICC INT"]
[Date "2008.10.29"]
[Round "10"]
[White "Bick, John D"]
[Black "Zimmer, Ralph"]
[Result "1-0"]
[WhiteElo "2245"]
[BlackElo "2284"]
[PlyCount "73"]
[EventDate "2008.10.22"]
[EventType "team"]
[EventRounds "10"]
[EventCountry "USA"]
[SourceTitle "EXT 2009"]
[Source "ChessBase"]
[SourceDate "2008.11.26"]
[SourceVersion "1"]
[SourceVersionDate "2008.11.26"]
[SourceQuality "1"]

1. d4 Nf6 2. c4 c5 3. d5 b5 4. Nf3 Bb7 5. a4 b4 6. Nfd2 g6 7. e4 d6 8. Bd3 Bg7 9. h3 0-0 10. 0-0 Nbd7 11. Re1 e6 12. Nf1 exd5 13. exd5 a5 14. Bg5 Qc7 15. Nbd2 Rae8 16. Rxe8 Rxe8 17. b3 h6 18. Be3 Ba6 19. Bc2 Nf8 20. Ra2 Bc8 21. g4 N8h7 22. f4 Qe7 23. Qf3 Kh8 24. Bf2 Ng8 25. Ng3 Qf8 26. Bd3 f5 27. gxf5 gxf5 28. Ndf1 Re7 29. Ne3 Rf7 30. Ng2 Ne7 31. Nh4 Bc3 32. Re2 Rg7 33. Kh2 Bd7 34. Rxe7 Rxe7 35. Ng6+ Kg7 36. Nxf8 Nxf8 37. Nxf5+ 1-0

[Event "USA tt"]
[Site "ICC INT"]
[Date "2007.09.05"]
[Round "2"]
[White "Zimmer, Ralph"]
[Black "Jones, Craig W"]
[Result "0-1"]
[WhiteElo "2242"]
[BlackElo "2220"]
[PlyCount "86"]
[EventDate "2007.08.29"]
[EventType "team"]
[EventRounds "10"]
[EventCountry "USA"]
[SourceTitle "CBM 120 Extra"]
[Source "ChessBase"]
[SourceDate "2007.11.01"]
[SourceVersion "1"]
[SourceVersionDate "2007.11.01"]
[SourceQuality "1"]

1. d4 Nf6 2. c4 e6 3. g3 Bb4+ 4. Bd2 Qe7 5. Nf3 Nc6 6. Bg2 Bxd2+ 7. Nbxd2 0-0 8. 0-0 d6 9. e4 e5 10. d5 Nb8 11. Ne1 a5 12. Nd3 Na6 13. h3 Nd7 14. a3 Ndc5 15. Nxc5 Nxc5 16. b4 axb4 17. axb4 Rxa1 18. Qxa1 Na6 19. Qc3 f5 20. exf5 Bxf5 21. Kh2 Bg6 22. Nb3 b6 23. Qd2 Nb8 24. Qe3 Qe8 25. Kg1 Qa4 26. f4 Qxb4 27. fxe5 Rxf1+ 28. Bxf1 dxe5 29. Qxe5 Qxb3 30. Qxc7 Qe3+ 31. Kh2 Qe8 32. Qxb6 Nd7 33. Qd6 Ne5 34. c5 Nf3+ 35. Kg2 Ne1+ 36. Kf2 Nd3+ 37. Kg2 Qe4+ 38. Kh2 Ne1 39. Qd8+ Be8 40. c6 Nf3+ 41. Kg2 Nd2+ 42. Kh2 Nxf1+ 43. Kg1 Ne3 0-1

[Event "US Open-108"]
[Site "Cherry Hill"]
[Date "2007.08.01"]
[Round "5"]
[White "Zimmer, Ralph"]
[Black "Simutowe, Amon"]
[Result "0-1"]
[WhiteElo "2242"]
[BlackElo "2421"]
[PlyCount "84"]
[EventDate "2007.07.28"]
[EventType "swiss"]
[EventRounds "9"]
[EventCountry "USA"]
[SourceTitle "CBM 119 Extra"]
[Source "ChessBase"]
[SourceDate "2007.09.04"]
[SourceVersion "1"]
[SourceVersionDate "2007.09.04"]
[SourceQuality "1"]

1. d4 Nf6 2. Nf3 e6 3. e3 c5 4. Bd3 Nc6 5. 0-0 d5 6. b3 Qc7 7. Bb2 cxd4 8. exd4 Be7 9. a3 0-0 10. Nbd2 b6 11. Re1 Bb7 12. Qe2 Nd7 13. Rac1 Rac8 14. c4 dxc4 15. bxc4 Nd8 16. Bb1 g6 17. Ne4 Bxe4 18. Qxe4 Bf6 19. h4 Bg7 20. Qe2 Nf6 21. d5 Nh5 22. g3 Nxg3 23. Qd2 Bxb2 24. Qxb2 Nh5 25. Ne5 f6 26. Ng4 e5 27. Ba2 Qd7 28. Re4 Nb7 29. c5 Nxc5 30. d6+ Kh8 31. Nxe5 fxe5 32. Rxe5 Qg7 33. Qe2 Nf4 34. Qe3 Qf6 35. Rd1 Nh3+ 36. Kh2 Qxf2+ 37. Qxf2 Nxf2 38. Rd4 Nfd3 39. Re7 Rcd8 40. d7 Rxd7 41. Rexd7 Nxd7 42. Bb1 N3e5 0-1

[Event "US Open-108"]
[Site "Cherry Hill"]
[Date "2007.07.31"]
[Round "4"]
[White "Zimmer, Ralph"]
[Black "Nikolova, Ettie"]
[Result "1-0"]
[WhiteElo "2242"]
[BlackElo "2047"]
[PlyCount "75"]
[EventDate "2007.07.28"]
[EventType "swiss"]
[EventRounds "9"]
[EventCountry "USA"]
[SourceTitle "CBM 119 Extra"]
[Source "ChessBase"]
[SourceDate "2007.09.04"]
[SourceVersion "1"]
[SourceVersionDate "2007.09.04"]
[SourceQuality "1"]

1. d4 e6 2. g3 d5 3. Nf3 c6 4. Bg2 f5 5. c4 Nf6 6. Nc3 Bd6 7. 0-0 0-0 8. Bf4 Bxf4 9. gxf4 Bd7 10. Qb3 b6 11. Ne5 Ne4 12. cxd5 cxd5 13. Nxd5 Kh8 14. Nc3 Nc6 15. Nxe4 fxe4 16. Qh3 Nxe5 17. Bxe4 Ng6 18. Bxg6 h6 19. Be4 e5 20. Qh5 Rxf4 21. Qxe5 Rg4+ 22. Kh1 Rg5 23. Qd6 Bh3 24. Qxd8+ Rxd8 25. Rg1 Rxg1+ 26. Rxg1 Rxd4 27. Bd3 Kg8 28. Rg3 Be6 29. a3 Bd5+ 30. Kg1 Be4 31. Rg4 Rxd3 32. exd3 Bxd3 33. Rd4 Be2 34. Rd8+ Kh7 35. Rd7 a5 36. a4 b5 37. axb5 Bxb5 38. Rd5 1-0

[Event "USA tt"]
[Site "ICC INT"]
[Date "2006.10.18"]
[Round "8"]
[White "Lopez, Nelson M"]
[Black "Zimmer, Ralph"]
[Result "1-0"]
[WhiteElo "2144"]
[BlackElo "2236"]
[PlyCount "39"]
[EventDate "2006.08.30"]
[EventType "team"]
[EventRounds "10"]
[EventCountry "USA"]
[SourceTitle "CBM 114 Extra"]
[Source "ChessBase"]
[SourceDate "2006.11.03"]
[SourceVersion "1"]
[SourceVersionDate "2006.11.03"]
[SourceQuality "1"]
[WhiteTeam "Dallas Destiny"]
[BlackTeam "Baltimore"]
[WhiteTeamCountry "USA"]
[BlackTeamCountry "USA"]

1. e4 d5 2. exd5 Qxd5 3. Nc3 Qd6 4. Nf3 Nf6 5. d4 c6 6. Ne5 e6 7. Bf4 Qb4 8. Nc4 Nd5 9. a3 Qe7 10. Nd6+ Kd8 11. Bg3 Nd7 12. Nce4 h6 13. Qf3 f5 14. Qh5 N7f6 15. Nf7+ Ke8 16. Ned6+ Kd7 17. Qg6 Rg8 18. c4 f4 19. Bh4 Nb6 20. Ne4 1-0

[Event "USA tt"]
[Site "ICC INT"]
[Date "2006.09.20"]
[Round "4"]
[White "Zimmer, Ralph"]
[Black "Barredo Duran, Luis"]
[Result "0-1"]
[WhiteElo "2236"]
[BlackElo "2332"]
[PlyCount "92"]
[EventDate "2006.08.30"]
[EventType "team"]
[EventRounds "10"]
[EventCountry "USA"]
[SourceTitle "CBM 114 Extra"]
[Source "ChessBase"]
[SourceDate "2006.11.03"]
[SourceVersion "1"]
[SourceVersionDate "2006.11.03"]
[SourceQuality "1"]
[WhiteTeam "Baltimore"]
[BlackTeam "Miami"]
[WhiteTeamCountry "USA"]
[BlackTeamCountry "USA"]

1. d4 Nf6 2. Bg5 e6 3. Nd2 c5 4. e3 b6 5. Ngf3 Bb7 6. c3 Be7 7. Bd3 0-0 8. 0-0 Nc6 9. Qb1 h6 10. Bh4 Rc8 11. a3 Nh5 12. Bxe7 Qxe7 13. b4 d6 14. Re1 Nf6 15. e4 Rfd8 16. b5 Na5 17. e5 Nd7 18. Ne4 Bxe4 19. Bxe4 cxd4 20. cxd4 dxe5 21. dxe5 Nc5 22. Qb4 Kf8 23. Ra2 Ncb3 24. Rc2 Rc5 25. h4 Rdc8 26. Rxc5 bxc5 27. Qc3 c4 28. Bb1 Qxa3 29. Qc2 Ke8 30. Qh7 Qf8 31. Re4 c3 32. Rg4 g6 33. Bc2 Na1 34. h5 g5 35. Ra4 Nxc2 36. Qxc2 Nb3 37. Rxa7 Qc5 38. Rb7 Na5 39. Rxf7 Kxf7 40. Qg6+ Ke7 41. Qg7+ Ke8 42. Nxg5 hxg5 43. Qg8+ Kd7 44. Qh7+ Kd8 45. Qg8+ Kc7 46. Qxe6 c2 0-1

[Event "Washington Eastern op 31st"]
[Site "Washington DC"]
[Date "2004.12.28"]
[Round "6"]
[White "Fernandez, Daniel"]
[Black "Zimmer, Ralph"]
[Result "1-0"]
[WhiteElo "2391"]
[BlackElo "2281"]
[PlyCount "105"]
[EventDate "2004.12.26"]
[EventType "swiss"]
[EventRounds "8"]
[EventCountry "USA"]
[SourceTitle "CBM 104 Extra"]
[Source "ChessBase"]
[SourceDate "2005.03.01"]
[SourceVersion "1"]
[SourceVersionDate "2005.03.01"]
[SourceQuality "1"]

1. e4 c5 2. Nf3 e6 3. Nc3 Nc6 4. d4 cxd4 5. Nxd4 Nf6 6. Ndb5 Bb4 7. a3 Bxc3+ 8. Nxc3 d5 9. exd5 exd5 10. Bd3 0-0 11. 0-0 d4 12. Ne4 Bf5 13. Bg5 Bxe4 14. Bxe4 h6 15. Bh4 g5 16. Bxc6 bxc6 17. Bg3 Qd5 18. Re1 Ne4 19. Qh5 Kg7 20. Rad1 Rae8 21. Qf3 f5 22. h3 f4 23. Bh2 c5 24. c3 Re6 25. Qd3 Rd8 26. Kf1 Rdd6 27. f3 Nf6 28. cxd4 c4 29. Qc3 Kf7 30. Rxe6 Qxe6 31. Re1 Qd5 32. Bg1 Qb5 33. Re2 a6 34. Bf2 Re6 35. Rxe6 Kxe6 36. Ke1 a5 37. h4 a4 38. Qc2 Kf7 39. hxg5 hxg5 40. Qe2 Qb3 41. d5 Nxd5 42. Qe5 c3 43. bxc3 Nxc3 44. Bc5 Nd5 45. Qf5+ Ke8 46. Qc8+ Kf7 47. Qd7+ Kg6 48. Qe8+ Kg7 49. Bd4+ Nf6 50. Qe7+ Kg8 51. Qd8+ Kh7 52. Qxf6 Qb1+ 53. Kf2 1-0

[Event "Washington Eastern op 31st"]
[Site "Washington DC"]
[Date "2004.12.26"]
[Round "2"]
[White "Zimmer, Ralph"]
[Black "Samuelson, Andrew"]
[Result "1/2-1/2"]
[WhiteElo "2281"]
[BlackElo "2101"]
[PlyCount "97"]
[EventDate "2004.12.26"]
[EventType "swiss"]
[EventRounds "8"]
[EventCountry "USA"]
[SourceTitle "CBM 104 Extra"]
[Source "ChessBase"]
[SourceDate "2005.03.01"]
[SourceVersion "1"]
[SourceVersionDate "2005.03.01"]
[SourceQuality "1"]

1. Nf3 Nf6 2. b3 g6 3. Bb2 Bg7 4. g3 d6 5. Bg2 c6 6. d3 0-0 7. Nbd2 e5 8. 0-0 a5 9. a3 Na6 10. e4 Nd7 11. Nc4 Ndc5 12. Qd2 b6 13. Ne1 Be6 14. f4 f6 15. Ne3 Qd7 16. f5 Bf7 17. Rd1 d5 18. exd5 cxd5 19. d4 exd4 20. Qxd4 Nc7 21. Nxd5 Nxd5 22. Bxd5 Rac8 23. fxg6 hxg6 24. Nf3 Bxd5 25. Qxd5+ Qxd5 26. Rxd5 Ne4 27. c4 a4 28. Re1 f5 29. Bxg7 Kxg7 30. Rb5 axb3 31. Rc1 Rc5 32. Nd4 Rxb5 33. Nxb5 Nd2 34. Nc3 b2 35. Rd1 Nxc4 36. Nb1 Re8 37. Kf2 Re4 38. Rd3 Kf6 39. Rb3 g5 40. Rb4 g4 41. Nc3 Rd4 42. Ke1 Ke6 43. Nd1 Rd2 44. Nxb2 Rxb2 45. Rxc4 Rxh2 46. Rc6+ Kd5 47. Rxb6 Ra2 48. Rb3 Ke4 49. Kf1 1/2-1/2